<?xml version="1.0" encoding="UTF-8"?>
<record
    xmlns:xsi="http://www.w3.org/2001/XMLSchema-instance"
    xsi:schemaLocation="http://www.loc.gov/MARC21/slim http://www.loc.gov/standards/marcxml/schema/MARC21slim.xsd"
    xmlns="http://www.loc.gov/MARC21/slim">

  <leader>00779aam a2200241   4500</leader>
  <controlfield tag="003">EG-GiCUC</controlfield>
  <controlfield tag="008">061210s1970    le     f d    000 0 ara d</controlfield>
  <datafield tag="040" ind1=" " ind2=" ">
    <subfield code="a">EG-GiCUC</subfield>
    <subfield code="b">ara</subfield>
    <subfield code="c">EG-GiCUC</subfield>
  </datafield>
  <datafield tag="041" ind1="1" ind2=" ">
    <subfield code="a">ara</subfield>
    <subfield code="h">heb</subfield>
  </datafield>
  <datafield tag="050" ind1=" " ind2="4">
    <subfield code="a">PJ4847</subfield>
    <subfield code="b">K6</subfield>
  </datafield>
  <datafield tag="092" ind1="0" ind2="4">
    <subfield code="a">492.431</subfield>
    <subfield code="b">K798 1970</subfield>
    <subfield code="2">21</subfield>
  </datafield>
  <datafield tag="099" ind1=" " ind2=" ">
    <subfield code="a">04</subfield>
    <subfield code="a">492.431 K798 1970</subfield>
  </datafield>
  <datafield tag="100" ind1="1" ind2=" ">
    <subfield code="a">&#x642;&#x648;&#x62C;&#x645;&#x627;&#x646; : &#x649;</subfield>
  </datafield>
  <datafield tag="245" ind1="1" ind2="0">
    <subfield code="a">&#x642;&#x627;&#x645;&#x648;&#x633; &#x639;&#x628;&#x631;&#x649; &#x639;&#x631;&#x628;&#x649; / </subfield>
    <subfield code="c">&#x642;&#x648;&#x62C;&#x645;&#x627;&#x646; &#x649;</subfield>
  </datafield>
  <datafield tag="260" ind1=" " ind2=" ">
    <subfield code="a">[&#x628;&#x64A;&#x631;&#x648;&#x62A;]  : </subfield>
    <subfield code="b">&#x645;&#x643;&#x62A;&#x628;&#x629; &#x627;&#x644;&#x645;&#x62D;&#x62A;&#x633;&#x628; : </subfield>
    <subfield code="c">[1970]</subfield>
  </datafield>
  <datafield tag="300" ind1=" " ind2=" ">
    <subfield code="a">1035&#x635; &#x61B; </subfield>
    <subfield code="c">25&#x633;&#x645;</subfield>
  </datafield>
  <datafield tag="650" ind1=" " ind2="7">
    <subfield code="a">&#x627;&#x644;&#x644;&#x63A;&#x629; &#x627;&#x644;&#x639;&#x628;&#x631;&#x64A;&#x629;</subfield>
    <subfield code="v">&#x627;&#x644;&#x645;&#x639;&#x627;&#x62C;&#x645;</subfield>
    <subfield code="x">&#x639;&#x631;&#x628;&#x649;</subfield>
    <subfield code="2">qrmak</subfield>
  </datafield>
  <datafield tag="650" ind1=" " ind2="7">
    <subfield code="a">&#x627;&#x644;&#x644;&#x63A;&#x629; &#x627;&#x644;&#x639;&#x631;&#x628;&#x64A;&#x629;</subfield>
    <subfield code="v">&#x627;&#x644;&#x645;&#x639;&#x627;&#x62C;&#x645;</subfield>
    <subfield code="x">&#x639;&#x628;&#x631;&#x649;</subfield>
    <subfield code="2">qrmak</subfield>
  </datafield>
  <datafield tag="902" ind1=" " ind2=" ">
    <subfield code="a">6</subfield>
  </datafield>
  <datafield tag="905" ind1=" " ind2=" ">
    <subfield code="a">&#x627;&#x628;&#x631;&#x627;&#x647;&#x64A;&#x645;</subfield>
    <subfield code="e">&#x645;&#x62F;&#x62E;&#x644;</subfield>
  </datafield>
  <datafield tag="905" ind1=" " ind2=" ">
    <subfield code="a">&#x627;&#x64A;&#x645;&#x627;&#x646; &#x639;</subfield>
    <subfield code="e">&#x645;&#x631;&#x627;&#x62C;&#x639;</subfield>
  </datafield>
  <datafield tag="942" ind1=" " ind2=" ">
    <subfield code="2">ddc</subfield>
    <subfield code="c">REF</subfield>
  </datafield>
  <datafield tag="999" ind1=" " ind2=" ">
    <subfield code="c">90154</subfield>
    <subfield code="d">90154</subfield>
  </datafield>
  <datafield tag="952" ind1=" " ind2=" ">
    <subfield code="2">ddc</subfield>
    <subfield code="7">0</subfield>
    <subfield code="a">CUCL</subfield>
    <subfield code="b">cl228</subfield>
    <subfield code="d">2024-02-11</subfield>
    <subfield code="o">492.431 K798 1970 c.1 Ref.</subfield>
    <subfield code="p">01000100097347000</subfield>
    <subfield code="r">2023-09-22 00:00:00</subfield>
    <subfield code="y">REF</subfield>
  </datafield>
  <datafield tag="952" ind1=" " ind2=" ">
    <subfield code="2">ddc</subfield>
    <subfield code="7">0</subfield>
    <subfield code="a">CUCL</subfield>
    <subfield code="b">cl228</subfield>
    <subfield code="d">2024-02-11</subfield>
    <subfield code="o">492.431 K798 1970 c.2 Ref C.1</subfield>
    <subfield code="p">01000100107461000</subfield>
    <subfield code="r">2023-09-22 00:00:00</subfield>
    <subfield code="y">REF</subfield>
  </datafield>
  <datafield tag="952" ind1=" " ind2=" ">
    <subfield code="2">ddc</subfield>
    <subfield code="7">0</subfield>
    <subfield code="a">CUCL</subfield>
    <subfield code="b">cl228</subfield>
    <subfield code="d">2024-02-11</subfield>
    <subfield code="o">492.431 K798 1970 c.3 Ref.  </subfield>
    <subfield code="p">01000100107722000</subfield>
    <subfield code="r">2023-09-22 00:00:00</subfield>
    <subfield code="y">REF</subfield>
  </datafield>
  <datafield tag="952" ind1=" " ind2=" ">
    <subfield code="2">ddc</subfield>
    <subfield code="7">0</subfield>
    <subfield code="a">CUCL</subfield>
    <subfield code="b">cl228</subfield>
    <subfield code="d">2024-02-11</subfield>
    <subfield code="o">492.431 K798 1970 c.4 Ref.  </subfield>
    <subfield code="p">01000100091962000</subfield>
    <subfield code="r">2023-09-22 00:00:00</subfield>
    <subfield code="y">REF</subfield>
  </datafield>
  <datafield tag="952" ind1=" " ind2=" ">
    <subfield code="2">ddc</subfield>
    <subfield code="7">0</subfield>
    <subfield code="a">CUCL</subfield>
    <subfield code="b">cl312</subfield>
    <subfield code="d">2024-02-11</subfield>
    <subfield code="o">492.431 K798 1970 Ref. Stud.</subfield>
    <subfield code="p">01000100140867000</subfield>
    <subfield code="r">2024-07-05 00:00:00</subfield>
    <subfield code="y">REF</subfield>
  </datafield>
  <datafield tag="952" ind1=" " ind2=" ">
    <subfield code="2">ddc</subfield>
    <subfield code="7">0</subfield>
    <subfield code="a">CUCL</subfield>
    <subfield code="b">CUCL</subfield>
    <subfield code="d">2024-02-11</subfield>
    <subfield code="o">492.431 K798 1970 </subfield>
    <subfield code="p">01000100076575000</subfield>
    <subfield code="r">2023-09-22 00:00:00</subfield>
    <subfield code="t">ml   </subfield>
    <subfield code="y">BK</subfield>
  </datafield>
</record>
